Türkiye'de yabancı sermaye yatırımları (Record no. 10393)

MARC details
000 -BAŞLIK
Sabit Uzunlukta Kontrol Alanı 00688na a2200229 4500
001 - KONTROL NUMARASI
Denetim Alanı 23826
003 - KONTROL NUMARASI IDENTIFIER
Denetim Alanı MIRAKIL
005 - SON İŞLEM TARİHİ VE ZAMANI
Denetim Alanı 20181213155320.0
008 - SABİT-BOY VERİ ELEMANLARI - GENEL BİLGİLER
Sabit Uzunlukta Kontrol Alanı 171228b tu 000 0
040 ## - KATALOGLAMA KAYNAK
Orijinal Kataloglama Ajansı Milas
Kataloglama Dili tur
Metne Dönüştürmek Ajansı TR-AnCHP
041 ## - DİL KODU
Metin / Ses Parça Veya Ayrı Başlığın Dil Kodu tur
082 ## - DEWEY ONLU SINIFLANDIRMA NUMARASI
Sınıflandırma Numarası 336.34
Ürün Numarası U62t 1979
090 ## - SINIFLAMA NUMARASI
Sınıflama Numarası 336.34 U62t 1979
100 ## - ANA GİRİŞ - KİŞİSEL İSİM
Kişisel Ad Uras, T. Güngör
245 ## - BAŞLIK TABLOSU
Başlık Türkiye'de yabancı sermaye yatırımları
Sorumluluk Tablosu, Vb T. Güngör Uras
260 ## - YAYIN, DAĞITIM, VB
Yayın, Dağıtım, Vb Yeri İstanbul
Yayıncı, Dağıtıcı, Vs Adı İktisadi yayınları Ltd. Şti
Yayın, Dağıtım, Vb Tarihi 1979
Üretici Firma Formül Matbaası
300 ## - FİZİKSEL TANIM
Kapsam 375 s.
Diğer Fiziksel Ayrıntıları tbl. ; şkl.
Boyutlar 24 sm.
504 ## - KAYNAKÇA VB NOT
Kaynakça Vb Notu Kaynakça var.
650 ## - KONU KATMA GİRİŞ - TOPİKAL DÖNEM
Topikal Süreli Veya Coğrafi Ad Giriş Elemanı Yabancı sermaye yatırımları
Genel Alt Bölümü Türkiye
650 ## - KONU KATMA GİRİŞ - TOPİKAL DÖNEM
Topikal Süreli Veya Coğrafi Ad Giriş Elemanı Ekonomi
Genel Alt Bölümü Türkiye
942 ## - EKLENDİ GİRİŞ ELEMANLARI (KOHA)
Sınıflandırma Veya Raf Düzeni Kaynak
Koha Öğesi Türü Books
999 ## - SİSTEM KONTROL NUMARALARI (KOHA)
Koha Biblionumber 10393
Koha Biblioitemnumber 10393
Holdings
Kalıcı Konum Mevcut Konum Edinme Tarihi Edinim Kaynak Toplam Check-Out'Lar Tam Çağrı Numarası Barkod Tarih Son Görülme İtibaren Geçerli Fiyatlar Koha Öğesi Türü
CHP Kütüphanesi CHP Kütüphanesi 12/28/2017 Bağış   336.34 U62t 1979 017803 12/28/2017 12/28/2017 Books